[Event "Mittelrhein Verbandsliga-O 16/17"]
[Site "Nordrheinwestfalen"]
[Date "2017.04.30"]
[Round "11.7"]
[White "Kotzian, Manfred"]
[Black "Tbaila, Ralph"]
[Result "1/2-1/2"]
[WhiteElo "1784"]
[BlackElo "1829"]
[PlyCount "129"]
[EventDate "2016.09.11"]
[EventType "team-tourn"]
[EventRounds "11"]
[EventCountry "GER"]
[SourceTitle "EXT 2022"]
[Source "ChessBase"]
[SourceDate "2021.10.06"]
[SourceVersion "1"]
[SourceVersionDate "2021.10.06"]
[SourceQuality "1"]
[WhiteTeam "Rheinbacher SF"]
[BlackTeam "Kalker/Deutzer SG"]
[WhiteTeamCountry "GER"]
[BlackTeamCountry "GER"]

1. e4 e5 2. Nf3 Nc6 3. Bb5 a6 4. Ba4 b5 5. Bb3 Nf6 6. 0-0 d6 7. Re1 Na5 8. d4 exd4 9. Nxd4 c5 10. Bd5 Nxd5 11. exd5+ Be7 12. Nf3 0-0 13. Nc3 Nc4 14. Ne4 Bg4 15. Qd3 Bf5 16. Rb1 Qd7 17. b3 Nb6 18. c4 Rfe8 19. Nfd2 Bg5 20. Qf3 Bg4 21. Qg3 f5 22. h3 Bxd2 23. Bxd2 Rxe4 24. Rxe4 fxe4 25. hxg4 bxc4 26. bxc4 Nxc4 27. Bf4 Re8 28. g5 Ne5 29. g6 hxg6 30. Bxe5 Rxe5 31. Qxg6 Qd8 32. Re1 Qf6 33. Qg4 Qf5 34. Qh4 Qg5 35. Qh3 Qh6 36. Qg4 Rh5 37. Kf1 Rh1+ 38. Ke2 Qh5 39. Qxh5 Rxh5 40. Rd1 Re5 41. Ke3 g5 42. Rb1 Rxd5 43. Kxe4 Rd2 44. Rb6 c4 45. Ke3 Rd3+ 46. Ke2 a5 47. Rb5 Ra3 48. Rxg5+ Kf7 49. f4 Rxa2+ 50. Ke3 a4 51. g4 a3 52. Ra5 Ra1 53. Kd2 Ke6 54. Kc2 d5 55. Ra6+ Kd7 56. Kc3 a2 57. g5 Rf1 58. Rxa2 Rxf4 59. Ra6 Rg4 60. g6 Ke7 61. Rc6 Kf8 62. Rd6 Rg5 63. Kd4 Rg1 64. Rxd5 Rd1+ 65. Kxc4 1/2-1/2

[Event "Mittelrhein Verbandsliga-O 1112"]
[Site "Germany"]
[Date "2012.04.15"]
[Round "9"]
[White "Kotzian, Manfred"]
[Black "Flagmeier, Reiner"]
[Result "1-0"]
[WhiteElo "1843"]
[BlackElo "1747"]
[PlyCount "61"]
[EventDate "2011.09.18"]
[EventType "team-tourn"]
[EventRounds "11"]
[EventCountry "GER"]
[SourceTitle "EXT 2013"]
[Source "ChessBase"]
[SourceDate "2012.11.22"]
[SourceVersion "1"]
[SourceVersionDate "2012.11.22"]
[SourceQuality "1"]
[WhiteTeam "Rheinbacher SF"]
[BlackTeam "Siegburg"]
[WhiteTeamCountry "GER"]
[BlackTeamCountry "GER"]

1. e4 c6 2. d4 d5 3. Nc3 dxe4 4. Nxe4 Bf5 5. Ng3 Bg6 6. h4 h6 7. Nf3 Nd7 8. Bd3 Bxd3 9. Qxd3 e6 10. Bd2 Ngf6 11. 0-0-0 Qc7 12. Rhe1 0-0-0 13. Qb3 Bd6 14. Ne4 Nxe4 15. Rxe4 Nf6 16. Re2 Bf4 17. g3 Bxd2+ 18. Rexd2 Rd6 19. Ne5 Rhd8 20. Qe3 Nd5 21. Qf3 Rf8 22. c4 Nf6 23. Kb1 Kb8 24. Qf4 Rdd8 25. Qf3 c5 26. Qf4 cxd4 27. Rxd4 Nh5 28. Rxd8+ Rxd8 29. Rxd8+ Qxd8 30. Nc6+ Kc8 31. Qb8+ 1-0